000
00182 a2200097 4500
020
_a
9780590128063
041
_a
spa
100
_a
Kellog, Steven
245
_a
Pecos Bill
942
_c
BK
999
_c
31961
_d
31959